Svátek hada /
Uloženo v:
| Hlavní autor: | |
|---|---|
| Další autoři: | , , |
| Médium: | E-audiokniha |
| Jazyk: | Czech |
| Vydáno: |
Praha :
Voxi,
2025
|
| Témata: | |
| Tagy: |
Žádné tagy |
| LEADER | 03796nim a2200913 i 4500 | ||
|---|---|---|---|
| 001 | 313402 | ||
| 003 | CZ PrSKC | ||
| 005 | 20260601215741.0 | ||
| 007 | sd fungnnmmned | ||
| 008 | 250418s2025 xr nnnng f n cze | ||
| 015 | |a cnb003682374 | ||
| 020 | |a 9788074483523 : |c Kč 449,00 | ||
| 040 | |a ABA001 |b cze |e rda | ||
| 072 | 7 | |a 821.162.3-3 |x Česká próza |2 Konspekt | |
| 080 | |a 821.162.3-31 |2 MRF | ||
| 080 | |a (0:82-311.6) |2 MRF | ||
| 080 | |a (086.7)08 |2 MRF | ||
| 080 | |a (086.76) |2 MRF | ||
| 100 | 1 | |a Hlavinková, Lucie, |d 1974- |7 xx0212699 |4 aut | |
| 245 | 1 | 0 | |a Svátek hada / |c Lucie Hlavinková |
| 264 | 1 | |a Praha : |b Voxi, |c 2025 | |
| 300 | |a 1 audiodisk (9 hod., 15 min.) ; |c 12 cm | ||
| 306 | |a 091500 | ||
| 336 | |a mluvené slovo |b spw |2 rdacontent | ||
| 337 | |a audio |b s |2 rdamedia | ||
| 338 | |a audiodisk |b sd |2 rdacarrier | ||
| 344 | |a digital |b optical |2 rda | ||
| 347 | |a audio soubor |b MP3 |2 rda | ||
| 500 | |a Název z disku | ||
| 500 | |a Vydalo nakladatelství Voxi ve společnosti Albatros Media a.s. | ||
| 500 | |a Podle stejnojmenné knihy vydané nakladatelstvím Motto v roce 2024 | ||
| 500 | |a Nezkrácená audiokniha ve formátu MP3 | ||
| 508 | |a Režie, Jan Drbohlav | ||
| 511 | 0 | |a Čtou Libor Hruška, Martina Hudečková | |
| 655 | 7 | |a české romány |7 fd133974 |2 czenas | |
| 655 | 7 | |a historické romány |7 fd132414 |2 czenas | |
| 655 | 7 | |a audioknihy |7 fd119452 |2 czenas | |
| 655 | 7 | |a kompaktní disky |7 fd201991 |2 czenas | |
| 655 | 9 | |a Czech fiction |2 eczenas | |
| 655 | 9 | |a historical novels |2 eczenas | |
| 655 | 9 | |a audiobooks |2 eczenas | |
| 655 | 9 | |a compact discs |2 eczenas | |
| 700 | 1 | |a Hruška, Libor, |d 1965- |7 xx0224470 |4 nrt | |
| 700 | 1 | |a Hudečková, Martina, |d 1964- |7 xx0063286 |4 nrt | |
| 700 | 1 | |a Drbohlav, Jan, |d 1968- |7 xx0057821 |4 drt | |
| 900 | |a ABA001 |b 19 | ||
| 928 | 9 | |a Albatros Media | |
| 044 | |a xr | ||
| 505 | 0 | 0 | |t 01_Uvod (6 min., 28 sek.) |
| 505 | 0 | 0 | |t 02_Kapitola prvni_cast1 (16 min., 54 sek.) |
| 505 | 0 | 0 | |t 03_Kapitola prvni_cast2 (11 min., 52 sek.) |
| 505 | 0 | 0 | |t 04_Kapitola druha (19 min., 58 sek.) |
| 505 | 0 | 0 | |t 05_Kapitola treti (24 min., 43 sek.) |
| 505 | 0 | 0 | |t 06_Kapitola ctvrta (13 min., 13 sek.) |
| 505 | 0 | 0 | |t 07_Kapitola pata (14 min., 27 sek.) |
| 505 | 0 | 0 | |t 08_Kapitola sesta_cast1 (22 min., 5 sek.) |
| 505 | 0 | 0 | |t 09_Kapitola sesta_cast2 (21 min., 43 sek.) |
| 505 | 0 | 0 | |t 10_Kapitola sesta_cast3 (21 min., 12 sek.) |
| 505 | 0 | 0 | |t 11_Kapitola sedma (20 min., 49 sek.) |
| 505 | 0 | 0 | |t 12_Kapitola osma (24 min., 38 sek.) |
| 505 | 0 | 0 | |t 13_Kapitola devata_cast1 (29 min., 3 sek.) |
| 505 | 0 | 0 | |t 14_Kapitola devata_cast2 (18 min., 12 sek.) |
| 505 | 0 | 0 | |t 15_Kapitola desata_cast1 (26 min., 2 sek.) |
| 505 | 0 | 0 | |t 16_Kapitola desata_cast2 (22 min., 49 sek.) |
| 505 | 0 | 0 | |t 17_Kapitola jedenacta_cast1 (20 min., 48 sek.) |
| 505 | 0 | 0 | |t 18_Kapitola jedenacta_cast2 (29 min., 26 sek.) |
| 505 | 0 | 0 | |t 19_Kapitola dvanacta (20 min., 20 sek.) |
| 505 | 0 | 0 | |t 20_Kapitola trinacta_cast1 (24 min., 38 sek.) |
| 505 | 0 | 0 | |t 21_Kapitola trinacta_cast2 (28 min., 35 sek.) |
| 505 | 0 | 0 | |t 22_Kapitola ctrnacta (20 min., 47 sek.) |
| 505 | 0 | 0 | |t 23_Kapitola patnacta (10 min., 12 sek.) |
| 505 | 0 | 0 | |t 24_Kapitola sestnacta (24 min., 21 sek.) |
| 505 | 0 | 0 | |t 25_Kapitola sedmnacta (14 min., 56 sek.) |
| 505 | 0 | 0 | |t 26_Kapitola osmnacta (21 min., 45 sek.) |
| 505 | 0 | 0 | |t 27_Kapitola devatenacta (20 min., 18 sek.) |
| 505 | 0 | 0 | |t 28_Osmdesata leta dvacateho stoleti (5 min., 20 sek.) |
| 910 | |a RBIT002 | ||
| 998 | |d 417717 |a https://core.palmknihy.cz/api/books/417717/cover?sst6fr |b https://core.palmknihy.cz/api/books/417717/cover/400?sst6fr |c https://core.palmknihy.cz/api/books/417717/cover/50?sst6fr |e 2034-12-31 |i 9788074483523 |l 33240 |q 49 |r 1 |s https://www.palmknihy.cz/kniha/417717 |t audiobook |y 2025 |z 0 | ||
| 999 | |d 313400 | ||